000 00567nam a2200205Ia 4500
005 20250508163801.0
008 008 250505s9999 xx 000 0 eng d
020 _a0-7619-9385-1
037 _aTextual
040 _aFEDL
_beng
_cFEDL
041 _aeng
_2eng
084 _a331.11, CHA
_qFEDL
100 _aChanda Ashok
245 0 _aHuman resource strategy : Architecture for change
260 _aNew Delhi, India
_bResponse Books
_c2000
300 _a310p.
650 _aEconomics
942 _cTEXL
_h331.11, CHA
999 _c1385222
_d1385222